| 000 | 01447cam a22003857a 4500 | ||
|---|---|---|---|
| 003 | CHAP | ||
| 005 | 20220329142540.0 | ||
| 008 | 010920d2001 mx r 00110 spa d | ||
| 010 | _a84775 | ||
| 011 | _a85747 | ||
| 035 | _a96283 | ||
| 040 | _cCHAP | ||
| 090 | _aTesis | ||
| 100 | 0 | 0 |
_aMartínez Borraz, Alfonso. _971873 |
| 245 | 1 | 0 |
_aEvaluación de la operación del programa desarrollo de proyectos agropecuarios integrales en el estado de Hidalgo durante 1999 _c/por Alfonso Martínez Borraz |
| 260 |
_aChapingo, Méx. : _bEl autor, _c2001. |
||
| 300 |
_a110 h. ; _bcuadros ; gráfs. |
||
| 502 | _aTesis (Ing. Agr. Esp. en Zootecnia) -- UACH. Departamento de Zootecnia | ||
| 590 |
_aALEPH _b10 _c20130110 _lUCH01 _h1443 |
||
| 590 |
_aBATCH-UPD _b10 _c20130110 _lUCH01 _h0359 |
||
| 590 |
_aBATCH-UPD _b10 _c20130110 _lUCH01 _h2137 |
||
| 590 |
_aBATCH-UPD _b10 _c20130410 _lUCH01 _h0032 |
||
| 590 |
_aBATCH-UPD _b10 _c20130914 _lUCH01 _h1147 |
||
| 590 |
_aCONVERSION _b10 _c20130109 _lUCH01 _h1347 |
||
| 650 | 1 | 4 |
_aDesarrollo de la comunidad rural _zHidalgo. _932038 |
| 650 | 1 | 4 |
_aDesarrollo rural. _932067 |
| 650 | 1 | 4 |
_aPolítica agrícola _zHidalgo. _990384 |
| 650 | 1 | 4 |
_aProyectos de desarrollo. _992528 |
| 650 | 1 | 4 |
_aProyectos _xEvaluación. _992525 |
| 901 | _aBK | ||
| 905 | _aAlejandra Carrasco M. | ||
| 942 | _cFOLL | ||
| 949 |
_aTesis _bBC _cTES _d33724000857017 _eTS2 _fc.2 _h38571 _i96283 _sb |
||
| 949 |
_bBC _cTES _d962831 _eTS1 _h38570 _i96283 _sb |
||
| 999 |
_c84775 _d84775 |
||